00609 2200205 4500001002100000005001700021008004100038020002200079035002500101040001200126082000800138090001800146100002200164245009600186260003000282300003100312650002600343850001200369990002200381YOGYA-1211000000011820150318135726.0 ind  a978-602-96620-5-4 a0010-121100000000118 aYOPDYOG a000 aDEP 000 kel B aKelaswara Setyadi aBuku pintar rumus super lengkap SMA /cKelaswara Setyadi, Kurma Ayu Rahmawati; editor, Qoni ayogyakartabFamiliac2010 aViii, 378 hlmbilusc19 cm aIlmu pengetahuan umum aYOPDYOG acb.d.11-2010-2133